| 000 | 00401nam a22001337a 4500 | ||
|---|---|---|---|
| 020 | _a0000000375023 | ||
| 040 | _cNUST | ||
| 082 | _a891.4393 RAJ | ||
| 100 |
_aTahir Mansoor Faroodi _9112402 |
||
| 245 | _aRajinder Singh Bedi Kay Bay Misal Afsanay | ||
| 260 |
_aLahore: _bAl-Hamd Publication, _c2008. |
||
| 650 |
_aUrdu Literature-Rajinder Singh Bedi Kay Bay Misal Afsanay _9112460 |
||
| 942 |
_2ddc _cBK |
||
| 999 |
_c594788 _d594788 |
||